Monetary Conditions Index: New Empirical Evidence from Central and Eastern European Countries
Tvorba indexu menových pomerov (MCI) pre štyri krajiny strednej a východnej Európy (CEE) kombináciou zmien krátkodobej úrokovej miery a reálneho efektívneho výmenného kurzu v období od augusta 2005 do decembra 2015.
Saved in:
| Main Author: | |
|---|---|
| Other Authors: | |
| Format: | Book Chapter |
| Language: | English |
| Subjects: | |
| Tags: |
No Tags, Be the first to tag this record!
|
MARC
| LEADER | 00000naa a2200000 4500 | ||
|---|---|---|---|
| 001 | 0241115 | ||
| 005 | 20221104111329.8 | ||
| 041 | 0 | |a eng | |
| 044 | |a SK | ||
| 245 | 1 | 0 | |a Monetary Conditions Index: New Empirical Evidence from Central and Eastern European Countries |c Anca Elena Nucu, Sorin Gabriel Anton |
| 520 | |a Tvorba indexu menových pomerov (MCI) pre štyri krajiny strednej a východnej Európy (CEE) kombináciou zmien krátkodobej úrokovej miery a reálneho efektívneho výmenného kurzu v období od augusta 2005 do decembra 2015. | ||
| 610 | 2 | 0 | |a politika menová |
| 610 | 2 | 0 | |a Európska menová únia |
| 610 | 2 | 0 | |a stredná Európa |
| 610 | 2 | 0 | |a východná Európa |
| 610 | 2 | 0 | |a indexy burzové |
| 610 | 2 | 0 | |a miera úroková |
| 610 | 2 | 0 | |a kurz výmenný |
| 100 | 1 | |a Nucu, Anca Elena | |
| 700 | 1 | |a Anton, Sorin Gabriel | |